000
00319nam a2200133Ia 4500
005
20251222144853.0
008
251222s9999||||xx |||||||||||||| ||spa||
020
_a
0-673-75743-9
082
_a
421.54/M86
100
_a
Morris, Ann
245
0
_a
Tell me a Story, Grandpa:
264
_b
Celebration Press
942
_c
LIB
999
_c
21664
_d
21664